00278 a2200109 450000100060000008200110000610000190001724500590003626000410009530000090013650000230014588449 aPR 664 aGhulam Murtaza aDesign of pressure transducer (Diaphragm type) project aKarachibUniversity of Karachic1971 a50p. aBE Project Reports